01549nam a2200253 a 4500001000800000005001700008008004100025041000800066044000600074050001900080245009300099260004400192300004000236500009800276504005200374505067100426650001601097650003201113650001801145650001601163651003001179651003801209710004801247BRL_43620190320210736.0120813m18961942u--a######---#000-0#eng-# aeng au 4aE51b.M46 189610aMemoirs of the Peabody Museum of American Archaeology and Ethnology, Harvard University. aCambridge, Mass.bThe Museumc1896-1942 a8 v.bil. (algunas a color)c36 cm. av.1. Au445, v.2. Au443, v.3. Au444, v.4. Au442, v.5 Au447, v.6. Au446, v.7. Au440, v.8. Au441 aIncluye referencias bibliográficas e índice0 aContenido: v.1, no.1. Prehistoric ruins of copan, Honduras. -- v.2, no.1. Researches in the central portion of the Usumatsintla Valley. -- v.3, no.1. Archaeological researches in Yucatan by Edward H. Thompson. -- v.4, no.1. Explorations of the upper Usumatsintla and adjacent region by Teobert Maler. -- v.5 Explorations in the deparment of Peten Guatemala Tikal by Teobert Maler.-- v.6. A study of Maya art its subject matter and historical development by Herbert J. Spinden. --v.7. Coclé and archaeological study of Central Panama, Part. 1 by Samuel Kirkland Lothrop. -- v.8. Coclé and archaeological study of Central Panama, Part. 2 by Samuel Kirkland Lothrop14aIndígenas14aIndígenasxAntigüedades14aArqueología14aEtnología 4aAméricaxAntigüedades 4aAmérica CentralxAntigüedades2 aPeabody Museum of Archaeology and Ethnology